Alfabet polski w 15 sekund - Statystyki

Ogólne statystyki
  • Ten quiz został rozwiązany 430 razy
    428 od ostatniego zresetowania
  • Średni wynik to 9 z 32
Statystyki odpowiedzi
Litery % Poprawnych
A
99%
Ą
64%
B
56%
C
54%
Ć
52%
D
48%
E
48%
Ę
42%
F
39%
G
38%
H
37%
I
36%
J
36%
K
36%
L
34%
Ł
30%
M
29%
N
29%
Ń
17%
O
14%
Ó
11%
P
11%
R
11%
S
11%
Ś
9%
T
9%
U
8%
W
8%
Y
6%
Z
5%
Ź
4%
Ż
4%
Nie znaleziono quizów pasujących do podanych kryteriów
Rozkład punktacji
Procent ludzi z każdym wynikiem
Percentyl według liczby udzielonych odpowiedzi
Twoja historia wyników
Nie rozwiązałeś tego quizu od ostatniego zresetowania